00988 2200349 4500001002100000005001500021007000300036008004100039020002200080035002000102040001700122041000800139082000800147084001400155090002000169100003400189245008100223250001200304264003900316300003900355336002100394337003000415338002300445500003000468504002500498650001700523850001000540990002200550990002200572990002200594990002200616INLIS00000000000812820260529074920ta260529 0  a978-602-262-505-6 a0010-0922000617 aSBPUPADbind07aind a700 a700 NYO b a700 AGU r L22-60 aI Nyoman SudarmadaePengarang1 aBiomekanika Olahraga /cI Nyoman Sudarmada ;Pengarang-2,I Made Kusuma Wijaya a.-cet.1 a.--Yogyakarta :bGraha Ilmu,c2015 avii,103 hlm :bilus. ;c21 X 26 cm 2rdacontentateks 2rdamediaatanpa perantara 2rdacarrieravolume aTentang Penulis,hlm Cover aBibliografi, hlm 103 4aKeolahragaan aPUPAD a28.434/P/DPK/2018 a28.435/P/DPK/2018 a28.436/P/DPK/2018 a28.437/P/DPK/2018